Экология родного края: проблемы и пути решения (Запись № 11652703)
[ простой вид ]
| 000 -МАРКЕР | |
|---|---|
| контрольное поле | 02217nam1a2200337 i 4500 |
| 001 - ИДЕНТИФИКАТОР ЗАПИСИ | |
| контрольное поле | RU\NLR\BIBL_A\012386179 |
| 005 - ИДЕНТИФИКАТОР ВЕРСИИ | |
| контрольное поле | 20260408071127.0 |
| 010 ## - МЕЖДУНАРОДНЫЙ СТАНДАРТНЫЙ НОМЕР КНИГИ (ISBN) | |
| Номер (ISBN) | 9785982282200 |
| Тираж | 40 |
| 035 ## - ДРУГИЕ СИСТЕМНЫЕ НОМЕРА | |
| Идентификатор записи | (NLR Aleph) 012386179 |
| 100 ## - ДАННЫЕ ОБЩЕЙ ОБРАБОТКИ | |
| Данные общей обработки | 20201023g20209999k y0rusy50 ca |
| 101 0# - ЯЗЫК РЕСУРСА | |
| Язык текста, звукозаписи и т.д. | русский |
| 102 ## - СТРАНА ПУБЛИКАЦИИ ИЛИ ПРОИЗВОДСТВА | |
| Страна публикации | Российская Федерация |
| 105 ## - ПОЛЕ КОДИРОВАННЫХ ДАННЫХ: ТЕКСТОВЫЕ МАТЕРИАЛЫ, МОНОГРАФИЧЕСКИЕ | |
| Кодированные данные о монографическом текстовом документе | z |
| 181 #0 - ПОЛЕ КОДИРОВАННЫХ ДАННЫХ: ВИД СОДЕРЖАНИЯ | |
| Код вида содержания (ISBD) | i |
| Код характеристики содержания (ISBD) | axxe |
| 182 #0 - ПОЛЕ КОДИРОВАННЫХ ДАННЫХ: ТИП СРЕДСТВА | |
| Код типа средства (ISBD) | n - непосредственное |
| 200 1# - ЗАГЛАВИЕ И СВЕДЕНИЯ ОБ ОТВЕТСТВЕННОСТИ | |
| Основное заглавие | Экология родного края: проблемы и пути решения |
| Сведения, относящиеся к заглавию | материалы XV Всероссийской с международным участием научно-практической конференции |
| Первые сведения об ответственности | Федеральное государственное бюджетное образовательное учреждение высшего образования "Вятский государственный университет", Институт биологии Коми научного центра Уральского отделения Российской академии наук |
| Последующие сведения об ответственности | [ответственный редактор: Т. Я. Ашихмина, д-р техн. наук, профессор] |
| 203 ## - ВИД СОДЕРЖАНИЯ И ТИП СРЕДСТВА | |
| Вид содержания | Текст |
| Дополнительные сведения об издании | визуальный |
| Тип средства | непосредственный |
| 210 ## - ПУБЛИКАЦИЯ, РАСПРОСТРАНЕНИЕ И ДР. | |
| Место издания, распространения и т.д. | Киров |
| Имя издателя, распространителя и т. д. | ВятГУ |
| Дата издания, распространения и т.д. | 2020 |
| 215 ## - ФИЗИЧЕСКАЯ ХАРАКТЕРИСТИКА | |
| Специфическое обозначение материала и объем | 20 |
| 606 1# - НАИМЕНОВАНИЕ ТЕМЫ КАК ПРЕДМЕТ | |
| Наименование темы | Экология |
| Формальный подзаголовок | Съезды, совещания и т.п |
| Географический подзаголовок | Кировская область |
| Системный номер авторитетной/нормативной записи | 2068809 |
| Идентификатор авторитетной/нормативной записи | RU\NLR\AUTH\661243476 |
| 686 1# - ИНДЕКСЫ ДРУГИХ КЛАССИФИКАЦИЙ | |
| Индекс | Е081(2Р351-4Ки)я431(2) |
| 702 #1 - ИМЯ ЛИЦА - ВТОРИЧНАЯ ОТВЕТСТВЕННОСТЬ | |
| Код отношения | Редактор |
| Начальный элемент ввода | Ашихмина |
| Часть имени, кроме начального элемента ввода | Т. Я. |
| Расширение инициалов личного имени | Тамара Яковлевна |
| Системный номер авторитетной/нормативной записи | 155719 |
| Идентификатор авторитетной/нормативной записи | RU\NLR\AUTH\770155758 |
| 711 12 - НАИМЕНОВАНИЕ ОРГАНИЗАЦИИ - АЛЬТЕРНАТИВНАЯ ОТВЕТСТВЕННОСТЬ | |
| Начальный элемент ввода | "Экология родного края: проблемы и пути их решения", всероссийская с международным участием научно-практическая конференция |
| Порядковый номер временной организации и / или порядковый номер ее части | 15 |
| Место проведения временной организации | Киров |
| Дата проведения временной организации | 2020 |
| Системный номер авторитетной/нормативной записи | 721314 |
| Идентификатор авторитетной/нормативной записи | RU\NLR\AUTH\880529675 |
| 712 02 - НАИМЕНОВАНИЕ ОРГАНИЗАЦИИ - ВТОРИЧНАЯ ОТВЕТСТВЕННОСТЬ | |
| Код отношения | Издающая организация |
| Начальный элемент ввода | Вятский государственный университет |
| Идентифицирующий признак | Киров |
| Идентификатор авторитетной/нормативной записи | RU\NLR\AUTH\8810048876 |
| Системный номер авторитетной/нормативной записи | 597808 |
| 852 ## - МЕСТОНАХОЖДЕНИЕ И ШИФР ХРАНЕНИЯ | |
| Идентификатор организации | NLR |
| Шифр хранения (Call Number) | 2020-3/16161 |
| 942 ## - ДОПОЛНИТЕЛЬНЫЕ ЭЛЕМЕНТЫ ЗАПИСИ (АБИС) | |
| Тип экземпляра АБИС | Книга |
| 980 ## - КОЛЛЕКЦИЯ | |
| Название коллекции | НБР |
Нет доступных экземпляров.